TNA TV / Global / Legends / KOTM Champions - Statistics

General Stats
  • This quiz has been taken 168 times
  • The average score is 16 of 22
Answer Stats
Title Reigns Last Won Champion % Correct
1 2010 AJ Styles
99%
1 2009 AJ Styles
99%
1 2008 Booker T
95%
1 2016 Eric Young
89%
1 2011 Eric Young
89%
1 2009 Eric Young
89%
1 2015 Jeff Jarrett
89%
2 2009 Kevin Nash
89%
2 2013 Abyss
85%
1 2015 Bobby Roode
74%
1 2016 Lashley
72%
1 2009 Mick Foley
71%
1 2016 James Storm
70%
2 2012 Devon
68%
1 2012 Samoa Joe
68%
1 2010 Rob Terry
57%
1 2010 Douglas Williams
54%
1 2016 Eli Drake
54%
1 2011 Robbie E
54%
1 2011 Gunner
49%
1 2015 PJ Black
45%
1 2016 Bram
41%
No matching quizzes found
Score Distribution
Percent of People with Each Score
Percentile by Number Answered
Your Score History
You have not taken this quiz